000 00971nam a22003017a 4500
001 BR8106107
003 BR-BrBNA
005 20230928091051.0
007 ta
008 230509b bl.||||| |||| 00| 0 por d
040 _aBR-BrBNA
_bpor
_cBiblioteca Nacional de Agricultura
041 _a(Por)
072 _aE10; E50
_b/G514
090 _ E10 BR8106107
100 1 _aAbreu, A.T.G. de
110 1 _aUniversidade Federal do Parana, Curitiba (Brasil)
_0Tese (Mestrado)
245 1 _aA posse e o uso da terra modernizacao agropecuaria de Guarapuava [Parana, Brasil]
260 3 _aCuritiba, PR (Brasil):
_c1981.
300 _a364 p.
500 _aBibliography p. 354-364 (163 ref.). (*) Documento disponível na(o) UFPR, Curitiba, PR (Brazil). Biblioteca Central
650 _aPOSSE DE TERRA
650 _aUSO DA TERRA
650 _aDESENVOLVIMENTO SOCIAL
650 _aGUARAPUAVA
650 _aPARANA
909 _a202309
_bLucia
_c55
_dLucia Elande
942 _cBK
999 _c32043
_d32043